000 00723nab a22002297a 4500
001 19560
003 HDC
007 cr bn ---aaaaa
008 210128c20091029my ||||o |||| 00| 00eng d
040 _aHDC
245 0 _aMatrade Identifies Potential Sales Of RM49.3 Mln In Russia
336 _atext
_2rdacontent
337 _acomputer
_2rdamedia
338 _aonline resource
_2rdacarrier
650 _aIslamic banking
_9270
650 _aSales
_917973
710 _aDagangHalal.com
856 _zRequest full-text at [email protected]
942 _2lcc
942 _cNEWS
942 _kNWSO 007735
999 _c16876
_d16876